Szczegóły MARC21

Gry więzienne : tragikomiczny świat polskiego więzienia /

003 -Nazwa inst., której nr kontr. jest w polu 001 [,]
    • @
    • Nazwa instytucji, której n kontrolny jest w polu 001
    • NUKAT
005 -DATA I CZAS OSTATNIEJ MODYFIKACJI [,]
    • @
    • pole kontrolne
    • 20241231111039.0
020 -Międzynarod. znormalizowany nr książki - ISBN [ , ]
    • a
    • Numer ISBN
    • 837459022X Find
040 -Instytucja sporządzająca opis [ , ]
    • a
    • Instytucja, która sporządziła opis (NP)
    • KAT U/DL
    • c
    • Instytucja, która sporządziła rekord (NP)
    • KAT U/DL
    • d
    • Instytucja, która zmodyfikowała rekord (P)
    • KAT U/TK
    • d
    • Instytucja, która zmodyfikowała rekord (P)
    • WR O/ISs
942 -Rodzaj dokumentu [ , ]
    • c
    • Rodzaj dokumentu
    • Książka
100 -Hasło główne - nazwa osobowa [1, ]
    • a
    • Nazwa osobowa (NP)
    • Kamiński, Marek M.
    • d
    • Daty biograficzne (NP)
    • (1962- ).
    • 9
    • KHW
    • 659388
240 -Tytuł ujednolicony [1,0]
    • a
    • Tytuł ujednolicony
    • Games prisoners play
    • l
    • Język tekstu
    • (pol.)
    • 9
    • KHW
    • 659390
245 -Strefa tytułu i oznaczenia odpowiedzialności [1,0]
    • a
    • Tytuł
    • Gry więzienne : Find
    • b
    • Ciąg dalszy tytułu (NP)
    • tragikomiczny świat polskiego więzienia / Find
    • c
    • Pozostałe elementy strefy tytułu i oznaczenia odpowiedzialności (NP)
    • Marek M. Kamiński.
260 -Strefa adresu wydawniczego [ , ]
    • a
    • Miejsce wydania (P)
    • Warszawa :
    • b
    • Nazwa wydawcy (P)
    • Oficyna Naukowa,
    • c
    • Data wydania (P)
    • 2006.
300 -Strefa opisu fizycznego [ , ]
    • a
    • Określenie formy książki i/lub objętość (NP)
    • 343, [1] s. :
    • b
    • Oznaczenie ilustracji (NP)
    • il. ;
    • c
    • Format (NP)
    • 23 cm.
336 -Typ zawartości [ , ]
    • a
    • Termin opisujący typ zawartości
    • Tekst
    • b
    • Kod określający zawartość
    • txt
    • 2
    • Źródło (terminu i kodu)
    • rdacontent
337 -Typ mediów [ , ]
    • a
    • Tryb odtwarzania
    • Bez urządzenia pośredniczącego
    • b
    • Kod typu mediów
    • n
    • 2
    • Źródło (terminu i kodu)
    • rdamedia
338 -Typ/rodzaj nośnika [ , ]
    • a
    • Hasło opisujące typ nośnika
    • Wolumin
    • b
    • Kod typu nośnika
    • nc
    • 2
    • Źródło (terminu i kodu)
    • rdacarrier
500 -Uwaga ogólna [ , ]
    • a
    • Uwaga ogólna (NP)
    • Wersja pierwotna książki ukazała się: Princeton : Princeton University Press, 2004.
504 -Uwaga dot. bibliogr. załącznikowej [ , ]
    • a
    • Uwaga dot. bibliografii załącznikowej
    • Bibliogr. s. 279-281. Indeksy.
080 -Uniwersalna Klasyfikacja Dziesiętna [ , ]
    • 2
    • Identyfikator wydania tablic
    • UDC-P022
    • a
    • Symbol klasyfikacji
    • 343.81/.84
    • b
    • Dopowiedzenie
    • Zakłady karne. Zakłady terapii przez pracę. System penitencjarny. Personel zakładów karnych. Więziennictwo. Roboty przymusowe. Kolonie karne. Obozy pracy. Prawo penitencjarne.
080 -Uniwersalna Klasyfikacja Dziesiętna [ , ]
    • 2
    • Identyfikator wydania tablic
    • UDC-P022
    • a
    • Symbol klasyfikacji
    • 316.344.7
    • b
    • Dopowiedzenie
    • Warstwy marginesu społecznego. Warstwy i grupy wyalienowane i odrzucone.
    • x
    • Poddział wspólny
    • -058.55
    • b
    • Dopowiedzenie
    • -przestępcy, kryminaliści, przestępcy wojenni.
080 -Uniwersalna Klasyfikacja Dziesiętna [ , ]
    • 2
    • Identyfikator wydania tablic
    • UDC-P022
    • a
    • Symbol klasyfikacji
    • 159.9-058.56
    • b
    • Dopowiedzenie
    • Psychologia więźniów.
080 -Uniwersalna Klasyfikacja Dziesiętna [ , ]
    • 2
    • Identyfikator wydania tablic
    • UDC-P022
    • a
    • Symbol klasyfikacji
    • 316.75
    • b
    • Dopowiedzenie
    • Normatywny i wartościujący aspekt kultury. Ideologia. Wartości. Konflikty wartości. Normy i prawa. Konflikty norm. Tabu.
    • x
    • Poddział wspólny
    • -055.56
    • b
    • Dopowiedzenie
    • -więźniowie, aresztowani, skazańcy
080 -Uniwersalna Klasyfikacja Dziesiętna [ , ]
    • 2
    • Identyfikator wydania tablic
    • UDC-P022
    • a
    • Symbol klasyfikacji
    • 316.64
    • b
    • Dopowiedzenie
    • Postawy społeczne. Poglądy. Świadomość społeczna. System przekonań. Przyciąganie. Unikanie. Frustracja. Uczucia społeczne i aspołeczne. Tolerancja. Nietolerancja. Konformizm. Nonkonformizm. Fatalizm. Dogmatyzm. Fanatyzm. Uprzedzenia. Dyskryminacja.
    • x
    • Poddział wspólny
    • -058.56
    • b
    • Dopowiedzenie
    • -więźniowie, aresztowani, skazańcy
080 -Uniwersalna Klasyfikacja Dziesiętna [ , ]
    • 2
    • Identyfikator wydania tablic
    • UDC-P022
    • a
    • Symbol klasyfikacji
    • 811.162.1'276-058.56
    • b
    • Dopowiedzenie
    • Język polski - język (żargon) więźniów.
650 -Hasło przedmiotowe [ ,7]
    • a
    • Hasło przedmiotowe
    • Więźniowie
    • z
    • Określnik geograficzny
    • Polska
    • x
    • Określnik rzeczowy
    • obyczaje i zwyczaje.
    • 2
    • Źródło terminu
    • kaba
    • 9
    • KHW
    • 659545
650 -Hasło przedmiotowe [ ,7]
    • a
    • Hasło przedmiotowe
    • Subkultura więzienna
    • z
    • Określnik geograficzny
    • Polska.
    • 2
    • Źródło terminu
    • kaba
    • 9
    • KHW
    • 659546
980 -Symbol UKD [ , ]
    • a
    • UKD
    • 343.81/.84:316.344.7-058.55:[159.9:316.75:316.64:811.162.1'276]-058.56
920 -ISBN [ , ]
    • a
    • ISBN
    • 83-7459-022-X Find
Numer inwentarzowy Status udost. Lokalizacja Data inwentaryzacji Sygnatura
Pd.186401BG2007-07-20 
SA.160371BSA2007-12-18SA.16037